Projectos de Obras e sua Execução (Record no. 2345)

MARC details
000 -Etiqueta do registo
Campo de controlo de comprimento fixo 00328 a2200145 4500
020 ## - ISBN (NÚMERO DE LIVRO PADRÃO INTERNACIONAL)
ISBN N/S
040 ## - Fonte de Catalogação
Agência de catalogação Biblioteca de Posgraduação- Universidade Lusíada de Angola
082 ## - DEWEY DECIMAL CLASSIFICATION NUMBER
Número de classificação 72
Classificador- CDU 72
100 ## - Nome Pessoal
9 (RLIN) 1172
Autor PORTO EDITORA
245 ## - Declaração de Título
Título Projectos de Obras e sua Execuȯ̂
260 ## - Publicação e Destribuíção
Local de edição/distribuição Porto ,
Editor/distribuidor Porto editora
Data de edição/distribuição 1986.
300 ## - Descrição Física
Nº Pág. 55p
650 ## - MATERIA
MATERIA Arquitetura
942 ## - - Elementos de entrada adicionados (koha)
Tipo de documento Livros
Holdings
Withdrawn status Lost status Source of classification or shelving scheme Damaged status Not for loan Permanent Location Current Location Date acquired Inventory number Total Checkouts Full call number Date last seen Price effective from Koha item type
    Dewey Decimal Classification     Biblioteca Geral- Universidade Lusíada de Angola Biblioteca Geral- Universidade Lusíada de Angola 03/06/2026 14(1)   72 03/06/2026 03/06/2026 Livros